000 00618nam a2200241Ia 4500
003 OSt
005 20221005131049.0
006 a|||||r|||| 00| 0
007 ta
008 221004b |||||||| |||| 00| 0 eng d
024 _a71477
037 _cTextual
040 _aCRL
_cCRL
_beng
041 _2eng
_aeng
082 _aV3:2:N0, G9.1
100 _aEmden Cecil S.
_9427348
245 0 _aSelected speeches on the constitution. V. 1
260 _c1939
490 _aWorld's classics; 479
650 _aHISTORY
942 _hV3:2:N0, G9.1
_cTEXL
_2cc
999 _c1059235
_d1059235